| 000 | 00841cam a2200241 a 4500 | ||
|---|---|---|---|
| 001 | 4907064 | ||
| 005 | 20180213033856.0 | ||
| 008 | 940707s1995 maua b 001 0 eng | ||
| 010 | _a 94029252 | ||
| 020 | _a0201633663 (recycled, acidfree paper) | ||
| 040 |
_aDLC _cDLC _dDLC |
||
| 041 | _aeng | ||
| 080 | _a658.562 | ||
| 082 | 0 | 0 |
_a658.562 LAT _220 |
| 100 | 1 | _a54 | |
| 101 | _aLID | ||
| 245 | 1 | 0 |
_aFour days with Dr. Deming : _cWilliam J. Latzko and David M. Saunders. |
| 246 | 3 | _aFour days with Doctor Deming. | |
| 504 | _aIncludes bibliographical references (p. 219-220) and index. | ||
| 906 |
_a7 _bcbc _corignew _d1 _eocip _f19 _gy-gencatlg |
||
| 942 |
_2ddc _cBK |
||
| 999 |
_c42337 _d42337 |
||